00682cam a22002174a 4500020001800000020001500018020001800033020001500051040000800066082002600074100002300100245007100123300004100194500008100235650002100316650003000337650002900367650002900396650001600425700002300441 a9781604690354 a1604690356 a9780881929874 a0881929875 cDLC00a615 NAT 1987 C154 Or.1 aMoerman, Daniel E.10aNative American medicinal plants :ban ethnobotanical dictionary / a799 pages :billustrations ;c23 cm. aAbridged version of: Native American ethnobotany / Daniel E. Moerman. c1998. 0aMedicinal plants 0aMateria medica, Vegetable 0aIndians of North America 0aIndians of North America 0aEthnobotany1 aMoerman, Daniel E.